West African Cities Map Quiz - Statistics

General Stats
  • This quiz has been taken 13 times
  • The average score is 16 of 21
Answers on the Map
Answers color-coded by a green-red scale on the quiz's map according to % correct below.
 
Answer Stats
Answer % Correct
Bamako
100%
Dakar
100%
Freetown
100%
Lome
100%
Monrovia
100%
Niamey
100%
Ouagadougou
100%
Accra
91%
Abidjan
82%
Abuja
82%
Conakry
82%
Cotonou
82%
Kano
82%
Lagos
82%
Benin City
64%
Port Harcourt
64%
Ibadan
55%
Kaduna
55%
Kumasi
55%
Ilorin
27%
Maiduguri
27%
No matching quizzes found
Score Distribution
Percent of People with Each Score
Percentile by Number Answered
Your Score History
You have not taken this quiz